| Tag |
First Indicator |
Second Indicator |
Subfields |
| LEADER |
00000cam a2200000 4500 |
| 001 |
in00000038363 |
| 005 |
20151007081008.0 |
| 008 |
790425s1954 ncu 00000 engm |
| 010 |
|
|
|a 54011676
|
| 035 |
|
|
|a (OCoLC)04894840
|
| 035 |
|
|
|9 AAF5715AM
|
| 040 |
|
|
|a DLC
|c OKD
|d TXA
|d UtOrBLW
|
| 049 |
|
|
|a TXAM
|c [403636]
|
| 050 |
0 |
0 |
|a BT1220
|b .R4
|
| 082 |
0 |
|
|a 239
|
| 092 |
|
|
|a 239
|b R353m
|
| 100 |
1 |
|
|a Reid, Albert Clayton,
|d 1894-1988.
|
| 245 |
1 |
0 |
|a Man and Christ /
|c With a foreword by Frank S. Hickman.
|
| 264 |
|
1 |
|a Durham, N.C. :
|b Duke University Press,
|c 1954.
|
| 300 |
|
|
|a 90 pages ;
|c 22 cm.
|
| 336 |
|
|
|a text
|b txt
|2 rdacontent
|
| 337 |
|
|
|a unmediated
|b n
|2 rdamedia
|
| 338 |
|
|
|a volume
|b nc
|2 rdacarrier
|
| 500 |
|
|
|a Lectures.
|
| 650 |
|
0 |
|a Apologetics
|x History
|y 20th century.
|
| 650 |
|
0 |
|a Religion and science.
|
| 999 |
|
|
|a MARS
|
| 999 |
f |
f |
|s 5df030cb-7dce-3c87-9fbf-2e887ed007d5
|i 9ed7ef9b-3b1c-3514-b82d-213257cf35bc
|t 0
|
| 952 |
f |
f |
|p ric
|a Texas A&M University
|b Rellis Campus
|c Joint Library Facility
|d Remote Storage
|t 0
|e BT1220 .R4
|h Library of Congress classification
|i unmediated -- volume
|m A14800609453
|
| 998 |
f |
f |
|a BT1220 .R4
|t 0
|l Remote Storage
|